zpět

Detail výsledku týmu

Tankovna U Učíků, Vrchlabí

Datum a čas kvízu

33.5 Celkem bodů Celkový počet nahraných bodů na tomto kvízu bez doplňovacích otázek.
6. Pořadí na kvízu Konečné umístění týmu na tomto kvízu.

Zaznamenané odpovědi

# Otázka Odpověď Body Výsledky
1. Osm lidí včetně jednoho Čecha... v Burkině Faso 0
2. K půlročnímu vězení odsoudil n... líbali se 0
3. Minulou středu měla premiéru t... Naked Attraction 1
4. Minulý týden jsme se dozvěděli... Venezuela 1
5. Hokejová extraliga zažila v mi... HC Sparta Praha, HC Dynamo Pardubice 0.5
6. Rozdělení Římské říše mezi Hon... na konci 4. století 1
7. Ve 14. století Evropu sevřela... D 0
8. Adolf Hitler se nepoučil z výs... 6. armáda, (Friedrich) Paulus 0.5
9. Jedním z největších přešlapů m... Lehman Brothers 0
10. Jak moc velkou chybou byl či n... A 1